Écrits et paroles
সংরক্ষণ করুন:
| প্রধান লেখক: | |
|---|---|
| বিন্যাস: | গ্রন্থ |
| ভাষা: | ফরাসি |
| প্রকাশিত: |
París
Universitaires de France
1959
|
| মালা: | Bibliothèque de Philosophie contemporaine
|
| বিষয়গুলি: | |
| ট্যাগগুলো: |
ট্যাগ যুক্ত করুন
কোনো ট্যাগ নেই, প্রথমজন হিসাবে ট্যাগ করুন!
|
MARC
| LEADER | 00000nam a2200000 a 4500 | ||
|---|---|---|---|
| 001 | UCZ4709 | ||
| 003 | CL-VaPUC | ||
| 008 | 951110e19590000FR |||||||||||||||||fre|d | ||
| 082 | 0 | 4 | |a 147 |b BER |2 21 |
| 100 | |a Bergson, Henri-Louis |e author |9 318450 | ||
| 245 | 1 | 0 | |a Écrits et paroles |
| 300 | |a v | ||
| 942 | |c BK | ||
| 945 | |d 19951110 00:00:00 |a lriquelm | ||
| 260 | |a París |b Universitaires de France |c 1959 | ||
| 650 | 0 | |a Vitalismo |9 311571 | |
| 650 | 0 | |a Escuelas filosóficas |9 266232 | |
| 650 | 0 | |a Filosofía francesa |9 255698 | |
| 583 | |a last modification |c 19951110 00:00:00 |k Rodrigo Vera | ||
| 490 | 0 | |a Bibliothèque de Philosophie contemporaine | |
| 999 | |c 241076 |d 241074 | ||
| 952 | |0 0 |1 0 |4 0 |6 147_000000000000000_BER_1959 |7 0 |8 P |9 253227 |a BIBEDU |b BIBEDU |c BIBEDU_PB |d 2019-11-19 |h v.2 |i 1597523 |o 147 BER 1959 |p 1597523 |r 2024-01-25 |w 2019-11-19 |y BK |k FIL | ||
| 952 | |0 0 |1 0 |4 0 |6 147_000000000000000_BER_1959 |7 0 |8 P |9 253228 |a BIBEDU |b BIBEDU |c BIBEDU_PB |d 2019-11-19 |h v.3 |i 1597531 |o 147 BER 1959 |p 1597531 |r 2024-01-25 |w 2019-11-19 |y BK |k FIL | ||